Score 0/15 Timer 06:00
5 Plays Today
Question Answer Wrong Answers
Back to the Future George Tannen
84%
Doc Brown
2.9%
Marty McFly
0.9%
Biff Tannen
8.4%
Forrest Gump James Donovan
83%
Jenny Curran
3.1%
Lieutenant Dan
2.3%
Bubba Blue
7.9%
Toy Story G.I. Joe
78.9%
Mr. Potato Head
1.4%
Bo Peep
12.4%
Slinky Dog
3.6%
The Lion King Abu
77.8%
Simba
0.6%
Zazu
14.4%
Timon
3.7%
The Shining Lenny
76%
Jack Torrance
2.8%
Wendy Torrance
6.4%
Danny
10.9%
The Hunger Games Ender Wiggin
74.7%
Katniss Everdeen
1.5%
Peeta Mellark
4%
Gale Hawthorne
15.9%
The Dark Knight Bane
73.9%
Batman
0.9%
Joker
5.6%
Harvey Dent
16%
Harry Potter and the Chamber of Secrets Sirius Black
72.3%
Hermione Granger
1.2%
Arthur Weasley
17.5%
Draco Malfoy
5.4%
Men in Black Agent V
63.4%
Agent J
8%
Agent K
6.2%
Agent Z
18.3%
Inside Out Frustration
62.4%
Disgust
26.9%
Joy
4.3%
Sadness
2.5%
Raiders of the Lost Ark John Hammond
56.3%
Marion Ravenwood
11.6%
Major Arnold Toht
16.5%
Dr. René Belloq
11.3%
Ghostbusters Bill Murray
56.2%
Dr. Egon Spengler
5.1%
Dana Barrett
10.5%
Walter Peck
24.5%
The LEGO Movie Fluttershy
51.4%
Emmet
12.9%
Wyldstyle
15.1%
Lord Business
16.4%
The Silence of the Lambs Cole Sear
43.2%
Ardelia Mapp
48.6%
Clarice Starling
2.4%
Dr. Hannibal Lecter
2%
Shrek Puss in Boots
31.8%
Princess Fiona
0.5%
Donkey
0.4%
Robin Hood
64%
Remove Ads.
Support Sporcle.
Get the best of Sporcle when you Go Orange. This ad-free experience offers more features, more stats, and more fun while also helping to support Sporcle. Thank you for becoming a member.

You're not logged in!

Compare scores with friends on all Sporcle quizzes.
OR
Log In

Show Comments

Extras

Top Quizzes Today


Score Distribution

Your Account Isn't Verified!

In order to create a playlist on Sporcle, you need to verify the email address you used during registration. Go to your Sporcle Settings to finish the process.

Report this User

Report this user for behavior that violates our Community Guidelines.

Details: